Score 0/10 Timer 03:00
0 Plays Today
Hint Answer % Correct
More straightforward questions.ACT
98.4%
Stronger emphasis on vocabulary.SAT
98.4%
Has a science section.ACT
98.3%
More advanced math concepts.ACT
97.8%
Required writing section.SAT
97.3%
Broken up into more sections.SAT
97.3%
Called the 'big picture' exam.ACT
97.3%
Popular on the east and west coasts.SAT
96.9%
No penalty for wrong answers.ACT
96.9%
Find more information on this test on www.collegeboard.org.SAT
96.4%
Remove Ads.
Support Sporcle.
Get the best of Sporcle when you Go Orange. This ad-free experience offers more features, more stats, and more fun while also helping to support Sporcle. Thank you for becoming a member.

You're not logged in!

Compare scores with friends on all Sporcle quizzes.
OR
Log In

Show Comments

Extras

Created Oct 4, 2013ReportNominate
Tags:Act, SAT, test

Top Quizzes Today


Score Distribution

Your Account Isn't Verified!

In order to create a playlist on Sporcle, you need to verify the email address you used during registration. Go to your Sporcle Settings to finish the process.

Report this User

Report this user for behavior that violates our Community Guidelines.

Details: